00751cam a2200217 i 4500001000800000005001700008008004100025020003900066050002000105082001600125100002100141245009500162250001100257260003200268300003400300500002000334650002600354942001500380999001500395952012300410416125820250623163143.0780717s1978 enka b 001 0 eng  a0333227808 :c£10.00.a033322781600aHD82b.T48 197800a330.9/172/41 aThirlwall, A. P.10aGrowth and development, with special reference to developing economies /cA. P. Thirlwall. a2d ed. aLondon :bMacmillan,c1978. axvi, 398 p. :bill. ;c24 cm. aIncludes index. 0aEconomic development. 2lcccBKn0 c6643d6643 00102lcc40708NFICaCTGLbCTGLcGENd2025-06-23l0oHD 82 THIpGSCT00001639r2025-06-23 16:33:14t1w2025-06-23yBK